000 00276nam a2200109Ia 4500
008 190911s9999||||xx |||||||||||||| ||und||
100 _aNilson ,Carolyn
245 0 _aTraining and Development Yearbook 1999
260 _aAmerica
_bMc Graw Hill
_c1999
300 _a250
942 _cBK
999 _c7029
_d7029